Scrambled Words Ending in “E” - Statistics

General Stats
  • This quiz has been taken 45 times
  • The average score is 28 of 35
Answer Stats
Hint Answer % Correct
ffeeCo Coffee
100%
feOfic Office
97%
ploePe People
97%
emehT Theme
97%
gDreee Degree
94%
deJgu Judge
94%
ueqinU Unique
94%
Baelm Blame
91%
elpCuo Couple
91%
rPezi Prize
91%
ecniS Since
91%
taesW Waste
91%
ePusur Pursue
88%
rSevee Severe
88%
uisTes Tissue
88%
leoumV Volume
88%
uLaege League
85%
sWoeh Whose
85%
euaBces Because
82%
iEnvspxee Expensive
82%
eallitSte Satellite
82%
kelniU Unlike
79%
lmeeFa Female
76%
srvePere Preserve
76%
Pmtoero Promote
76%
eaclPa Palace
73%
aoeCphstatr Catastrophe
70%
rusiSrep Surprise
70%
rUedgap Upgrade
64%
reaetGuna Guarantee
55%
earMargi Marriage
55%
Omoetcu Outcome
55%
hwoemeSre Somewhere
55%
souQnelaetbi Questionable
45%
aroeShgt Shortage
45%
No matching quizzes found
Score Distribution
Percent of People with Each Score
Percentile by Number Answered
Your Score History
You have not taken this quiz